[Event "A passed pawn you push is worth two in the bush"]
[Site "SchemingMind.com"]
[Date "2013.04.10"]
[Round "-"]
[White "capablanca"]
[Black "kubinet"]
[Result "1-0"]
[WhiteCountry "GER"]
[BlackCountry "GER"]
[WhiteElo "1706"]
[WhiteRD "61"]
[BlackElo "1334"]
[BlackRD "51"]
[GameID "330064"]

1. e4 c5 2. Nf3 e6 3. c3 d5 4. exd5 exd5 5. d4 cxd4 6. Nxd4 Nf6 7. Bd3 Nc6 8. Nf3 Be7 9. O-O O-O 10. Nbd2 Bg4
11. Re1 Bd6 12. Nf1
1-0

[Event "A passed pawn you push is worth two in the bush"]
[Site "SchemingMind.com"]
[Date "2013.04.11"]
[Round "-"]
[White "kubinet"]
[Black "capablanca"]
[Result "0-1"]
[WhiteCountry "GER"]
[BlackCountry "GER"]
[WhiteElo "1334"]
[WhiteRD "51"]
[BlackElo "1706"]
[BlackRD "61"]
[GameID "330065"]

1. e4 e5 2. Nf3 Nc6 3. Bb5 a6 4. Ba4 Nf6 5. O-O b5 6. Bb3 Bc5 7. c3 O-O 8. d4 exd4 9. cxd4 Bb4 10. a3 Ba5
11. Bc2 d6 12. h3 Bb7
0-1

[Event "A passed pawn you push is worth two in the bush"]
[Site "SchemingMind.com"]
[Date "2013.04.15"]
[Round "-"]
[White "Archon"]
[Black "capablanca"]
[Result "1/2-1/2"]
[WhiteCountry "CAN"]
[BlackCountry "GER"]
[WhiteElo "1675"]
[WhiteRD "53"]
[BlackElo "1706"]
[BlackRD "61"]
[GameID "330352"]

1. Nf3 d5 2. e3 Bf5 3. b3 e6 4. Bb2 Nf6 5. c4 dxc4 6. bxc4 Bd3 7. Be2 Bxe2 8. Qxe2 Be7 9. O-O O-O 10. d4 Nc6
11. Nbd2 b6 12. a4 a6 13. Ba3 Bxa3 14. Rxa3 Ne7 15. Ne5 Nd7 16. Ndf3 Nxe5 17. Nxe5 Qd6 18. Qa2 Nc6 19. Nxc6 Qxc6 20. a5 Rfd8
21. axb6 cxb6 22. Rxa6 Rxa6 23. Qxa6 Ra8 24. Qb5 Qxb5 25. cxb5 Ra2 26. Rc1 Kf8 27. g3 Rb2 28. Rc7 Rxb5 29. Rb7 Rb2 30. Kg2 b5
31. Kf3 b4 32. h4 b3 33. Ke4 Rxf2 34. Rxb3 Ke7 35. Rb7+ Kf6 36. Rb6 Rd2 37. Kf3 h5 38. Rb4 Kg6 39. Rb5 f5 40. Rb6 Kf6
41. Ra6 g6 42. Rb6 Ke7 43. Ra6=
1/2-1/2

[Event "A passed pawn you push is worth two in the bush"]
[Site "SchemingMind.com"]
[Date "2013.04.15"]
[Round "-"]
[White "capablanca"]
[Black "Archon"]
[Result "0-1"]
[WhiteCountry "GER"]
[BlackCountry "CAN"]
[WhiteElo "1706"]
[WhiteRD "61"]
[BlackElo "1675"]
[BlackRD "53"]
[GameID "330354"]

1. e4 d6 2. d4 Nf6 3. Nc3 g6 4. Nf3 Bg7 5. Bc4 O-O 6. Bf4 Nc6 7. Qd2 b6 8. Bh6 Bb7 9. Bxg7 Kxg7 10. O-O-O e5
11. dxe5 Nxe5 12. Nxe5 dxe5 13. Qg5 Nxe4 14. Qxd8 Raxd8 15. Nxe4 Bxe4 16. f3 Bb7 17. Rhe1 Rxd1+ 18. Rxd1 Bc8 19. Bd5 Rd8 20. Bc6 Rxd1+
21. Kxd1 Kf6 22. Kd2 Ba6 23. g3 Bc4 24. b3 Be6 25. c4 Ke7 26. Ke3 Kd6 27. Be4 Bd7 28. f4 exf4+ 29. Kxf4 Bc6 30. Bxc6 Kxc6
31. Ke5 f5 32. b4 Kd7 33. b5 Ke7 34. h3 h6 35. g4 fxg4
0-1

[Event "A passed pawn you push is worth two in the bush"]
[Site "SchemingMind.com"]
[Date "2013.04.23"]
[Round "-"]
[White "emvarela"]
[Black "capablanca"]
[Result "1-0"]
[WhiteCountry "ARG"]
[BlackCountry "GER"]
[WhiteElo "1761"]
[WhiteRD "48"]
[BlackElo "1733"]
[BlackRD "62"]
[GameID "330543"]

1. e4 c5 2. Nf3 d6 3. d4 cxd4 4. Nxd4 Nf6 5. Nc3 g6 6. Be3 Bg7 7. f3 a6 8. Qd2 O-O 9. O-O-O Bd7 10. h4 h5
11. Bc4 Nc6 12. Nxc6 Bxc6 13. Nd5 Nxd5 14. Bxd5 Bxd5 15. Qxd5 Qc7 16. Bd4 Rac8 17. c3 b5 18. Bxg7 Kxg7 19. g4 Qc4 20. Qxc4 Rxc4
21. gxh5 b4 22. Kc2 bxc3 23. b3 Rc5 24. Rd5 gxh5 25. Rxc5 dxc5 26. Kxc3 Kf6 27. Rg1 Rd8 28. Rg5 Rd1 29. Rxh5 Rh1 30. Rxc5 Rxh4
31. Kd4 Rh2 32. a4 Rb2 33. Rc3 e5+ 34. Kc5
1-0

[Event "A passed pawn you push is worth two in the bush"]
[Site "SchemingMind.com"]
[Date "2013.04.24"]
[Round "-"]
[White "emvarela"]
[Black "kubinet"]
[Result "0-1"]
[WhiteCountry "ARG"]
[BlackCountry "GER"]
[WhiteElo "1731"]
[WhiteRD "49"]
[BlackElo "1354"]
[BlackRD "63"]
[GameID "330545"]

1. e4 c5 2. Nf3 Nc6 3. d4 cxd4 4. Nxd4 Nf6 5. Nc3 e6 6. Ndb5 d6 7. Bf4 e5 8. Bg5 a6 9. Bxf6 gxf6 10. Na3 f5
11. Nc4 fxe4 12. Qd5 Be6 13. Nxd6+ Qxd6 14. Qxd6 Bxd6 15. Nxe4 Be7 16. c3 f5 17. Nd2 O-O-O 18. Be2 Bg5 19. Nf3 Bf6 20. O-O e4
21. Nd4 Nxd4 22. cxd4 Bxd4 23. Rac1+ Kb8 24. b3 f4 25. Rfd1 Rhg8 26. Bc4 Bxc4 27. bxc4 f3 28. g3 e3 29. Rc2 e2 30. Re1 Bb6
31. Rcc1 h5
0-1

[Event "A passed pawn you push is worth two in the bush"]
[Site "SchemingMind.com"]
[Date "2013.04.23"]
[Round "-"]
[White "capablanca"]
[Black "emvarela"]
[Result "0-1"]
[WhiteCountry "GER"]
[BlackCountry "ARG"]
[WhiteElo "1694"]
[WhiteRD "64"]
[BlackElo "1765"]
[BlackRD "48"]
[GameID "330546"]

1. e4 e5 2. Nf3 Nc6 3. Bc4 Bc5 4. c3 Nf6 5. d4 exd4 6. cxd4 Bb4+ 7. Bd2 d5 8. exd5 Bxd2+ 9. Nbxd2 Nxd5 10. O-O O-O
11. Re1 Be6 12. Nf1 Re8 13. Bd3 Ndb4 14. Bb1 Qd7 15. a3 Nd5 16. Ne3 Nxe3 17. Rxe3 Bg4 18. Rxe8+ Rxe8 19. Bc2 Bxf3 20. Qxf3 Qxd4
21. Qd3 Qxd3 22. Bxd3 Ne5 23. Bc2 f6 24. Kf1 c5 25. Rd1 h6 26. b3 Kf7 27. f4 Ng4 28. Rd3 Ne3+ 29. Ke2 Nxc2+
0-1

[Event "A passed pawn you push is worth two in the bush"]
[Site "SchemingMind.com"]
[Date "2013.04.23"]
[Round "-"]
[White "Archon"]
[Black "emvarela"]
[Result "0-1"]
[WhiteCountry "CAN"]
[BlackCountry "ARG"]
[WhiteElo "1654"]
[WhiteRD "54"]
[BlackElo "1765"]
[BlackRD "48"]
[GameID "330547"]

1. Nf3 d5 2. e3 Nf6 3. b3 Bg4 4. Bb5+ c6 5. Be2 Bxf3 6. Bxf3 e5 7. Bb2 Bd6 8. d3 Nbd7 9. Nd2 O-O 10. g3 b5
11. O-O Qe7 12. Bg2 a5 13. Nf3 a4 14. Rb1 a3 15. Ba1 c5 16. c4 b4 17. Nh4 Nb6 18. Nf5 Qe6 19. Nxd6 Qxd6 20. Rc1 Rad8
21. Qc2 d4 22. exd4 exd4 23. Bxd4 Qxd4
0-1

[Event "A passed pawn you push is worth two in the bush"]
[Site "SchemingMind.com"]
[Date "2013.04.24"]
[Round "-"]
[White "kubinet"]
[Black "emvarela"]
[Result "0-1"]
[WhiteCountry "GER"]
[BlackCountry "ARG"]
[WhiteElo "1305"]
[WhiteRD "57"]
[BlackElo "1761"]
[BlackRD "48"]
[GameID "330548"]

1. e4 e5 2. Bc4 Nf6 3. d3 Nc6 4. Nf3 Bc5 5. O-O d6 6. h3 h6 7. c3 O-O 8. Re1 Bd7 9. Nbd2 Qe7 10. Nf1 Be6
11. Bb3 Bxb3 12. Qxb3 Bb6 13. Be3 Nd7 14. Ng3 Kh7 15. Nf5 Qf6 16. Nh2 Na5 17. Qc2 Bxe3 18. Nxe3 Qe6 19. Nd5 Rac8 20. Rf1 f5
0-1

[Event "A passed pawn you push is worth two in the bush"]
[Site "SchemingMind.com"]
[Date "2013.04.20"]
[Round "-"]
[White "eun77"]
[Black "capablanca"]
[Result "0-1"]
[WhiteCountry "ISR"]
[BlackCountry "GER"]
[WhiteElo "1373"]
[WhiteRD "54"]
[BlackElo "1733"]
[BlackRD "62"]
[GameID "330631"]

1. e4 e5 2. d3 Bc5 3. Nf3 d6 4. h3 Nf6 5. Be2 Nc6 6. O-O h6 7. Nh2 Be6 8. c3 Qd7 9. Be3 Bb6 10. Bxb6 axb6
11. Bg4 Nxg4 12. Nxg4 O-O 13. Nd2 Ne7 14. Nh2 Ng6 15. f3 Nf4 16. Qc2 b5 17. Nb3 f5 18. Rf2 Rf6 19. exf5 Bxf5 20. Nc1 Bxh3
21. Ne2 Nxg2 22. Rxg2 Bxg2 23. Kxg2 Rg6+ 24. Ng3 h5 25. d4 Qf7 26. Kf2 h4 27. Ngf1 Rf6 28. dxe5 dxe5 29. a3 Re8 30. Re1 c5
31. b3 Qh5 32. Re3 h3 33. Ke1 Ref8 34. Qe2 b6 35. Rxe5 Qh4+ 36. Kd1 Rd6+ 37. Kc2 Rfd8 38. Re8+ Kf7 39. Rxd8 Rxd8 40. Nd2 Qg3
41. Ne4 Qg2 42. Qxg2 hxg2 43. Ng5+ Ke7 44. Nh3 Rh8 45. f4 Rxh3
0-1

[Event "A passed pawn you push is worth two in the bush"]
[Site "SchemingMind.com"]
[Date "2013.04.21"]
[Round "-"]
[White "eun77"]
[Black "Archon"]
[Result "0-1"]
[WhiteCountry "ISR"]
[BlackCountry "CAN"]
[WhiteElo "1373"]
[WhiteRD "54"]
[BlackElo "1694"]
[BlackRD "57"]
[GameID "330632"]

1. d4 d6 2. e3 g6 3. h3 Nf6 4. Nf3 Bg7 5. Be2 Nbd7 6. O-O O-O 7. Nh2 c5 8. dxc5 Nxc5 9. Bg4 Bxg4 10. Nxg4 Nxg4
11. Qxg4 Qc8 12. Qxc8 Raxc8 13. Nc3 Bxc3 14. bxc3 Ne4 15. Bb2 Nxc3 16. Bxc3 Rxc3 17. Rfc1 Rfc8 18. Kf1 Rxc2 19. Rxc2 Rxc2 20. a4 a6
21. Ke1 Kf8 22. g4 Ke8 23. Rb1 Rc7 24. Kd2 Kd7 25. f4 d5 26. Kd3 Kc8 27. Kd2 Rc4 28. Ra1 Rb4 29. Kc3 a5 30. Rd1 e6
31. Ra1 Kc7 32. Kd3 b5 33. axb5 Rxb5 34. Ra3 Kb6 35. e4 Rb4 36. exd5 exd5 37. f5 a4 38. Ra2 Kc5 39. f6 Rb3+ 40. Kc2 Kb4
41. Ra1 a3 42. Rd1 Rb2+ 43. Kd3 a2 44. Ra1 Kb3 45. Rc1 Rb1 46. Rc3+ Kb4 47. Rc7 a1=Q 48. Rb7+ Kc5 49. Rxb1 Qxb1+
0-1

[Event "A passed pawn you push is worth two in the bush"]
[Site "SchemingMind.com"]
[Date "2013.04.23"]
[Round "-"]
[White "eun77"]
[Black "emvarela"]
[Result "0-1"]
[WhiteCountry "ISR"]
[BlackCountry "ARG"]
[WhiteElo "1318"]
[WhiteRD "58"]
[BlackElo "1731"]
[BlackRD "49"]
[GameID "330633"]

1. e4 e5 2. d3 Nf6 3. Nf3 Nc6 4. Be2 d5 5. exd5 Nxd5 6. h3 Bc5 7. O-O Be6 8. c3 O-O 9. Nh2 Qf6 10. Bg4 Rad8
11. Bxe6 fxe6 12. Nf3 Nf4 13. Bxf4 exf4 14. b4 Bxb4 15. Qc2 Bd6 16. a4 Ne5 17. Nxe5 Bxe5 18. f3 Qf5 19. Rd1 c5 20. Ra2 c4
21. d4 Qxc2 22. Rxc2 Bd6 23. Nd2 Rc8 24. Ne4 Be7 25. Nf2 Rc6 26. Rb2 b6 27. Re1 Bh4 28. Re4 Bxf2+ 29. Kxf2 g5 30. Rbe2 Rf6
31. Kf1 Kf7 32. Re5 Rf5
0-1

[Event "A passed pawn you push is worth two in the bush"]
[Site "SchemingMind.com"]
[Date "2013.04.24"]
[Round "-"]
[White "eun77"]
[Black "kubinet"]
[Result "0-1"]
[WhiteCountry "ISR"]
[BlackCountry "GER"]
[WhiteElo "1318"]
[WhiteRD "58"]
[BlackElo "1354"]
[BlackRD "63"]
[GameID "330634"]

1. d4 Nf6 2. e3 d5 3. h3 e6 4. Nf3 c5 5. dxc5 Bxc5 6. Be2 O-O 7. O-O Nc6 8. c3 a6 9. b3 b5 10. Ba3 Bxa3
11. Nxa3 Bb7 12. b4 Rc8 13. Nd4 Ne5 14. Nf3 Nxf3+ 15. Bxf3 Rxc3 16. Nc2 Qc7 17. Nd4 Rc8 18. Ne2 Rc4 19. a3 g6 20. Ra2 Nd7
21. g4 Ne5 22. Bg2 Rc2
0-1

[Event "A passed pawn you push is worth two in the bush"]
[Site "SchemingMind.com"]
[Date "2013.04.20"]
[Round "-"]
[White "capablanca"]
[Black "eun77"]
[Result "1-0"]
[WhiteCountry "GER"]
[BlackCountry "ISR"]
[WhiteElo "1733"]
[WhiteRD "62"]
[BlackElo "1373"]
[BlackRD "54"]
[GameID "330635"]

1. e4 e5 2. Nf3 d6 3. Bc4 h6 4. d4 exd4 5. Nxd4 Nc6 6. Nxc6 bxc6 7. O-O Be7 8. Nc3 Nf6 9. Bf4 O-O 10. Re1 Nh7
11. Qh5 Bg5 12. Bxg5 Qxg5 13. Qxg5 Nxg5 14. Rad1 Ne6 15. Ne2 a5 16. Ng3 g5 17. Nf5 Kh7 18. Bxe6 Bxe6 19. Nd4 Bd7 20. e5 Rae8
21. exd6 cxd6 22. Rxe8 Rxe8 23. f3 d5 24. Kf2 a4 25. Re1 Rxe1 26. Kxe1 Kg8 27. b4 f5 28. Ne2 f4 29. Nc3 Kf8 30. Nxa4 Ke8
31. Nc5 Bf5 32. Kd2 g4 33. a4 gxf3 34. gxf3 Ke7 35. Nb3 Kd6 36. Nd4 Bc8 37. Ne2 Ke5 38. Kc3 Bd7 39. Nd4 h5 40. a5 Kd6
41. Nb3 Kc7 42. Kd4 Kb8 43. Nc5 Bh3 44. Ke5 Bg2 45. Kxf4 h4 46. c3 h3 47. Kg3 Bf1 48. f4 Kc8 49. f5
1-0

[Event "A passed pawn you push is worth two in the bush"]
[Site "SchemingMind.com"]
[Date "2013.04.21"]
[Round "-"]
[White "Archon"]
[Black "eun77"]
[Result "1-0"]
[WhiteCountry "CAN"]
[BlackCountry "ISR"]
[WhiteElo "1694"]
[WhiteRD "57"]
[BlackElo "1373"]
[BlackRD "54"]
[GameID "330636"]

1. Nf3 d5 2. e3 e6 3. b3 Nf6 4. Bb2 Be7 5. Bb5+ c6 6. Be2 O-O 7. O-O h6 8. c4 Nh7 9. Nc3 Bf6 10. Qc2 Bxc3
11. Qxc3 f6 12. Bd1 dxc4 13. bxc4 Bd7 14. Bc2 e5 15. Qd3 f5 16. Nxe5 Qe8 17. Nxd7 Nxd7 18. Qc3 Ndf6 19. Bxf5 Qe7 20. Bg6 Rfd8
21. Bxh7+ Kxh7 22. d4 Ne4 23. Qc2 Kh8 24. f3 Nf6 25. e4 Rd7 26. Rad1 Qf7 27. d5 cxd5 28. cxd5 Rad8 29. Bxf6 Qxf6 30. Qc5 Qb6
31. Qxb6 axb6 32. Rb1 Rd6 33. Rb5 Re8 34. Rfb1 Ra8 35. Rxb6 Rxb6 36. Rxb6 Rxa2 37. Rxb7 Rd2 38. h3 Kg8 39. Rb5 Kf7 40. Rb1 Ke7
41. Rf1 Kd6 42. Rf2 Rd1+ 43. Kh2 Ke5 44. Kg3 g5 45. h4 gxh4+ 46. Kxh4 Rh1+ 47. Kg3 h5 48. Rd2 h4+ 49. Kg4 Kd6 50. Kf4
1-0

[Event "A passed pawn you push is worth two in the bush"]
[Site "SchemingMind.com"]
[Date "2013.04.23"]
[Round "-"]
[White "emvarela"]
[Black "eun77"]
[Result "1-0"]
[WhiteCountry "ARG"]
[BlackCountry "ISR"]
[WhiteElo "1741"]
[WhiteRD "47"]
[BlackElo "1298"]
[BlackRD "64"]
[GameID "330637"]

1. e4 e5 2. Nf3 d6 3. d4 exd4 4. Nxd4 Nc6 5. Bb5 Bd7 6. Nc3 a6 7. Bxc6 Bxc6 8. O-O Be7 9. Re1 Nf6 10. Nf5 O-O
11. Nxe7+ Qxe7 12. Bg5 h6 13. Bxf6 Qxf6 14. Qd2 Rae8 15. f3 Qd8 16. Ne2 f6 17. Nf4 Kh7 18. Qd3 Kg8 19. Qc4+ Kh7 20. Ne6 Rxe6
21. Qxe6 Re8 22. Qb3 Qe7 23. Qd3 Kh8 24. c4 b5 25. b3 bxc4 26. bxc4 Rb8 27. Rab1 Rxb1 28. Rxb1 g5 29. Rb8+ Kg7 30. c5 Qe5
31. Qb3 d5 32. Kf2 Qe6 33. exd5 Bxd5 34. Qe3 Qxe3+ 35. Kxe3 c6 36. a3 Bc4 37. g3
1-0

[Event "A passed pawn you push is worth two in the bush"]
[Site "SchemingMind.com"]
[Date "2013.04.21"]
[Round "-"]
[White "APB"]
[Black "capablanca"]
[Result "0-1"]
[WhiteCountry "ENG"]
[BlackCountry "GER"]
[WhiteElo "1665"]
[WhiteRD "66"]
[BlackElo "1706"]
[BlackRD "61"]
[GameID "330672"]

1. e4 e5 2. Nf3 Nc6 3. Bc4 Bc5 4. c3 Nf6 5. d4 exd4 6. cxd4 Bb4+ 7. Nc3 Nxe4 8. O-O Nxc3 9. bxc3 Bxc3 10. Bxf7+ Kxf7
11. Bg5 Qe8 12. Qb3+ Qe6 13. Qxc3 Rf8 14. Bf4 Kg8 15. Rfe1 Qf5 16. Bxc7 d5 17. Re2 Be6 18. Rae1 Bf7 19. Ne5 Rac8 20. Nxf7 Rxf7
21. Be5 Nxe5 22. Qb3 Nc6 23. f3 Nxd4
0-1

[Event "A passed pawn you push is worth two in the bush"]
[Site "SchemingMind.com"]
[Date "2013.04.22"]
[Round "-"]
[White "APB"]
[Black "Archon"]
[Result "1-0"]
[WhiteCountry "ENG"]
[BlackCountry "CAN"]
[WhiteElo "1633"]
[WhiteRD "69"]
[BlackElo "1654"]
[BlackRD "54"]
[GameID "330673"]

1. e4 d6 2. d4 Nf6 3. Nc3 g6 4. Nf3 Bg7 5. Be2 O-O 6. O-O Nc6 7. d5 Nb8 8. Re1 c6 9. h3 cxd5 10. exd5 b6
11. Bf4 Na6 12. a3 Bb7 13. Bc4 Rc8 14. Qd3 Nc7 15. Bg5 b5 16. Bb3 a6 17. Nd2 h6 18. Be3 Nd7 19. Nd1 Ne5 20. Qe2 Nxd5
21. c3 Nxe3 22. Nxe3 Re8 23. Rac1 Nd7 24. Bd5 Bxd5 25. Nxd5 Nf6 26. Nxe7+ Rxe7 27. Qxe7 Bf8 28. Qe2 d5 29. Nf3 Ne4 30. Nd4 Bg7
31. Nc2 Qb6 32. Rf1 Re8 33. Nb4 Nd6 34. Qf3 d4 35. Nd5 Qa7 36. Nf6+ Bxf6 37. Qxf6 Nc4 38. cxd4 Re6 39. Qd8+ Kg7 40. Rfe1 Rd6
41. Qe8 Rd7 42. Re2 Nd6 43. Qe5+ Kg8 44. Rce1 Nf5 45. d5 Nd6 46. Qf6 Qb7 47. Re8+
1-0

[Event "A passed pawn you push is worth two in the bush"]
[Site "SchemingMind.com"]
[Date "2013.04.23"]
[Round "-"]
[White "APB"]
[Black "emvarela"]
[Result "0-1"]
[WhiteCountry "ENG"]
[BlackCountry "ARG"]
[WhiteElo "1626"]
[WhiteRD "70"]
[BlackElo "1761"]
[BlackRD "48"]
[GameID "330674"]

1. e4 e5 2. Nf3 Nc6 3. Bc4 Bc5 4. c3 Bb6 5. d3 Nf6 6. b4 O-O 7. a4 a6 8. O-O h6 9. Nbd2 d6 10. h3 Qe7
11. Nh4 Be6 12. Kh1 d5 13. exd5 Nxd5 14. Bxd5 Bxd5 15. Nhf3 Bxf3 16. Nxf3 f6 17. Nh4 Rfd8 18. Nf5 Qf7 19. Qg4 Kh7 20. Qg3 Ne7
21. Nxe7 Qxe7 22. Rd1 Rd7 23. Be3 Bxe3 24. fxe3 Rad8 25. d4 exd4 26. exd4 Qd6 27. Qd3+ g6 28. Rf1 Kg7 29. Rf2 Qd5 30. c4 Qxd4
31. Qxd4 Rxd4 32. Rc1 Rd1+ 33. Rxd1 Rxd1+ 34. Kh2 Rd4 35. c5 c6 36. Rb2 f5 37. g3 Kf6 38. Kg2 g5 39. Kf2 h5 40. Ke3 Ke5
0-1

[Event "A passed pawn you push is worth two in the bush"]
[Site "SchemingMind.com"]
[Date "2013.04.21"]
[Round "-"]
[White "APB"]
[Black "eun77"]
[Result "1-0"]
[WhiteCountry "ENG"]
[BlackCountry "ISR"]
[WhiteElo "1626"]
[WhiteRD "70"]
[BlackElo "1373"]
[BlackRD "54"]
[GameID "330675"]

1. e4 e5 2. Nf3 d6 3. d4 exd4 4. Nxd4 Nc6 5. Bb5 Bd7 6. Nc3 Nxd4 7. Qxd4 Bxb5 8. Nxb5 c6 9. Nxa7 c5 10. Qa4+ Qd7
11. Qxd7+ Kxd7 12. Nb5 f6 13. O-O Nh6 14. Bf4 Nf7 15. Rfd1 Ne5 16. b3 Be7 17. c4 g5 18. Bg3 h5 19. f3 h4 20. Bxe5 fxe5
21. Nc3 Rh6 22. Nd5 Kd8 23. b4 cxb4 24. Nxb4 Ke8 25. Nd5 Bd8 26. Rab1 Ra7 27. Ne3 Bc7 28. Ng4 Rh8 29. Rb2 Ke7 30. Rbd2 b6
31. Ne3 Ra4 32. Rc1 Rha8 33. Rcc2 R8a7 34. g3 hxg3 35. hxg3 Ke6 36. Rh2 Rxa2 37. Rxa2 Rxa2 38. Rxa2 b5 39. cxb5 Bb6 40. Kf2 Kd7
41. Ke2 Kc8 42. Ra8+ Kb7 43. Rg8
1-0

[Event "A passed pawn you push is worth two in the bush"]
[Site "SchemingMind.com"]
[Date "2013.04.24"]
[Round "-"]
[White "APB"]
[Black "kubinet"]
[Result "1-0"]
[WhiteCountry "ENG"]
[BlackCountry "GER"]
[WhiteElo "1633"]
[WhiteRD "69"]
[BlackElo "1319"]
[BlackRD "55"]
[GameID "330676"]

1. e4 c5 2. Nf3 d6 3. d4 cxd4 4. Nxd4 Nf6 5. Nc3 a6 6. Be2 e5 7. Nb3 Be7 8. O-O Be6 9. Be3 O-O 10. f4 exf4
11. Bxf4 Nc6 12. Bf3 Ne5 13. Bxe5 dxe5 14. Qe2 Rc8 15. Rad1 Qb6+ 16. Kh1 Bc4 17. Qf2
1-0

[Event "A passed pawn you push is worth two in the bush"]
[Site "SchemingMind.com"]
[Date "2013.04.21"]
[Round "-"]
[White "capablanca"]
[Black "APB"]
[Result "0-1"]
[WhiteCountry "GER"]
[BlackCountry "ENG"]
[WhiteElo "1706"]
[WhiteRD "61"]
[BlackElo "1665"]
[BlackRD "66"]
[GameID "330677"]

1. d4 Nf6 2. c4 g6 3. Nc3 Bg7 4. e4 d6 5. Nf3 O-O 6. Be2 e5 7. O-O exd4 8. Nxd4 Re8 9. Bf3 Na6 10. Re1 Nc5
11. b4 Ne6 12. Bb2 Nxd4 13. Qxd4 Nxe4 14. Qd3 Ng5 15. Bd1 Rxe1+
0-1

[Event "A passed pawn you push is worth two in the bush"]
[Site "SchemingMind.com"]
[Date "2013.04.21"]
[Round "-"]
[White "Archon"]
[Black "APB"]
[Result "1-0"]
[WhiteCountry "CAN"]
[BlackCountry "ENG"]
[WhiteElo "1675"]
[WhiteRD "53"]
[BlackElo "1665"]
[BlackRD "66"]
[GameID "330678"]

1. Nf3 c5 2. c4 g6 3. g3 Bg7 4. Nc3 Nf6 5. Bg2 Nc6 6. O-O d6 7. d3 O-O 8. Bg5 Nd7 9. Qd2 f6 10. Bh6 Nde5
11. Bxg7 Kxg7 12. Nxe5 Nxe5 13. a3 Rb8 14. b4 cxb4 15. axb4 a6 16. b5 Nd7 17. bxa6 bxa6 18. Na4 Nc5 19. Nxc5 dxc5 20. Ra5 Qd6
21. Rfa1 Rb6 22. Qa2 Qd4 23. Qd2 Rb2 24. Qd1 Qc3 25. R5a2 Rb6 26. Rb1 Rd6 27. Rab2 Rd7 28. Bb7 Bxb7 29. Rxb7 Rxb7 30. Rxb7 Re8
31. Qb1 Qe5 32. Kf1 Qf5 33. Qb6 Kh6 34. Qxa6 e5 35. Qc6 Rc8 36. Rc7 Qh3+ 37. Kg1 Rb8 38. Rb7 Ra8 39. Rxh7+ Kxh7 40. Qxa8
1-0

[Event "A passed pawn you push is worth two in the bush"]
[Site "SchemingMind.com"]
[Date "2013.04.23"]
[Round "-"]
[White "emvarela"]
[Black "APB"]
[Result "1-0"]
[WhiteCountry "ARG"]
[BlackCountry "ENG"]
[WhiteElo "1761"]
[WhiteRD "48"]
[BlackElo "1626"]
[BlackRD "70"]
[GameID "330679"]

1. e4 e5 2. Nf3 Nc6 3. Bb5 a6 4. Bxc6 dxc6 5. O-O Be7 6. Nxe5 Qd4 7. Nf3 Qxe4 8. Re1 Qd5 9. Nc3 Qd6 10. h3 Nf6
11. d3 Be6 12. Bg5 O-O-O 13. Ne4 Qd7 14. Bxf6 Bxf6 15. Nxf6 gxf6 16. Re3 Rhg8 17. Kh2 Rg7 18. Ng1 Rdg8 19. Rg3 Qd6 20. Qf3 f5
21. Ne2 Rxg3 22. fxg3 Bd5 23. Qxf5+ Kb8 24. Qf4 Qe7 25. c4 Qxe2 26. cxd5 Rd8 27. dxc6 b6 28. Qxf7 Qxd3 29. Re1 Qb5 30. Re8
1-0

[Event "A passed pawn you push is worth two in the bush"]
[Site "SchemingMind.com"]
[Date "2013.04.21"]
[Round "-"]
[White "eun77"]
[Black "APB"]
[Result "1/2-1/2"]
[WhiteCountry "ISR"]
[BlackCountry "ENG"]
[WhiteElo "1373"]
[WhiteRD "54"]
[BlackElo "1626"]
[BlackRD "70"]
[GameID "330680"]

1. e4 c5 2. d3 Nc6 3. Nf3 e6 4. Be2 d5 5. exd5 Qxd5 6. O-O Nf6 7. Nc3 Qd8 8. Bg5 Be7 9. Bxf6 Bxf6 10. Re1 O-O
11. a3 Nd4 12. Nxd4 Bxd4 13. Bf3 Qb6 14. Rb1 c4 15. Rf1 cxd3 16. cxd3 Bd7 17. Qd2 Be5 18. Qe3 Bd4 19. Qd2 Bc6 20. Bxc6 Qxc6
21. Ne2 Bf6 22. Rbc1 Qd7 23. Rc2 h6 24. Rfc1 Bg5 25. f4 Bf6 26. Rc7 Qb5 27. Nc3 Bxc3 28. R1xc3 b6 29. Rb7 Qd5 30. Rcc7 a5
31. Rd7 Qc5+ 32. Kf1 b5 33. Qe2 Rac8 34. Qd2 Rfd8 35. Rxf7 Qd6 36. Rxg7+ Kf8 37. Rh7 Kg8 38. Rhg7+ Kf8 39. Rgf7+ Kg8=
1/2-1/2

[Event "A passed pawn you push is worth two in the bush"]
[Site "SchemingMind.com"]
[Date "2013.04.24"]
[Round "-"]
[White "kubinet"]
[Black "APB"]
[Result "1-0"]
[WhiteCountry "GER"]
[BlackCountry "ENG"]
[WhiteElo "1319"]
[WhiteRD "55"]
[BlackElo "1633"]
[BlackRD "69"]
[GameID "330681"]

1. e4 c5 2. Nf3 d6 3. d4 cxd4 4. Nxd4 Nf6 5. Nc3 a6 6. Bd3 e5 7. Nb3 Be7 8. O-O O-O 9. h3 d5 10. exd5 Nxd5
11. Nxd5 g6 12. Re1 Bd6 13. Bh6 Re8 14. Qf3 Be6 15. Nf6+ Kh8 16. Nxe8 Qxe8 17. Qf6+
1-0

[Event "A passed pawn you push is worth two in the bush"]
[Site "SchemingMind.com"]
[Date "2013.04.23"]
[Round "-"]
[White "krzysztof"]
[Black "capablanca"]
[Result "0-1"]
[WhiteCountry "POL"]
[BlackCountry "GER"]
[WhiteElo "1514"]
[WhiteRD "80"]
[BlackElo "1733"]
[BlackRD "62"]
[GameID "330775"]

1. e4 c5 2. Bc4 g6 3. d4 cxd4 4. Qxd4 Nf6 5. e5 Nh5 6. Be2 Bg7 7. Nf3 Nc6 8. Qc5 Qa5+ 9. Qxa5 Nxa5 10. Bd2 Nc6
11. Bc3 Nf4 12. Rg1 Nxe2 13. Kxe2 O-O 14. h4 b6 15. Nbd2 Bb7 16. Rh1 Nd8 17. h5 h6 18. g4 g5 19. Rh3 Rc8 20. Nxg5 Ne6
21. Nxe6 fxe6 22. f3 d6 23. exd6 exd6 24. g5 Bxc3 25. bxc3 Rxc3 26. gxh6 Ba6+ 27. Kf2 Rxc2 28. Rg1+ Kh8 29. Ke3 Rxa2 30. Rhg3 Ra3+
31. Kf2 Bb7 32. Rc1 b5 33. Rc7 Ba8 34. h7 e5 35. Rcg7 Bd5 36. h6 b4 37. Ke2 b3 38. R3g6 b2 39. Rd7 Bxf3+ 40. Nxf3 b1=Q
41. Rg8+ Rxg8 42. hxg8=Q+ Kxg8 43. h7+ Kh8 44. Ng5 Qb2+ 45. Kf1 Ra1#
0-1

[Event "A passed pawn you push is worth two in the bush"]
[Site "SchemingMind.com"]
[Date "2013.04.23"]
[Round "-"]
[White "krzysztof"]
[Black "APB"]
[Result "0-1"]
[WhiteCountry "POL"]
[BlackCountry "ENG"]
[WhiteElo "1504"]
[WhiteRD "82"]
[BlackElo "1632"]
[BlackRD "72"]
[GameID "330776"]

1. Nf3 Nf6 2. g3 d5 3. Bg2 c6 4. Nc3 Nbd7 5. O-O e6 6. d4 Bd6 7. Ng5 O-O 8. e4 dxe4 9. Ngxe4 Nxe4 10. Bxe4 f5
11. Bd3 Qf6 12. Be3 Nb6 13. Qh5 h6 14. Ne2 Bd7 15. Nf4 Be8 16. Qe2 Nd5 17. Nxd5 cxd5 18. c4 Bd7 19. c5 Bc7 20. b4 b6
21. Rac1 e5 22. dxe5 Bxe5 23. cxb6 axb6 24. Rc7 Bxc7 25. Qc2 Rac8 26. Qb3 Be6 27. Qd1 Rfd8 28. Bb5 d4 29. Bc1 Bd7 30. Qb3+ Be6
31. Qd3 Bxa2 32. Bc4+ Bxc4 33. Qxc4+ Kh8 34. Rd1 Be5 35. Qd3 Rc3 36. Qb1 b5 37. Bd2 Rc6 38. Qa2 d3 39. Qa7 Bd4 40. Qb7 Rb6
41. Qc7 Be5 42. Qa7 Ra6 43. Qc5 Ra1 44. Rxa1 Bxa1 45. Qxb5 Qb2 46. Be3 d2 47. Bxd2 Qxd2 48. Qf1 Bd4 49. Kg2 Qxb4 50. Qe2 Qb7+
51. Kh3 g5 52. f4 g4+ 53. Kh4 Bf6+ 54. Kh5 Qf7+ 55. Kxh6 Qh7#
0-1